[Event "EU YCH Team U12 boys"]
[Site "Thessaloniki"]
[Date "2022.07.12"]
[Round "1.3"]
[White "Golubovic, Erik"]
[Black "Anghelescu, Teodor-Stefan"]
[Result "0-1"]
[WhiteElo "1594"]
[BlackElo "1813"]
[PlyCount "86"]
[EventDate "2022.07.12"]
[EventType "swiss"]
[EventRounds "7"]
[EventCountry "GRE"]
[SourceTitle "Youth Database"]
[Source "CBase R.Goldau"]
[SourceDate "2000.03.01"]
[SourceVersion "1"]
[SourceVersionDate "2022.07.18"]
[SourceQuality "1"]
[WhiteTeam "Kroatien"]
[BlackTeam "Rumänien"]
[WhiteTeamCountry "CRO"]
[BlackTeamCountry "ROU"]

1. e4 c5 2. c3 d5 3. exd5 Qxd5 4. d4 Nc6 5. Nf3 Bf5 6. Be2 cxd4 7. cxd4 Bxb1 8.
Rxb1 e6 9. a3 Nf6 10. O-O Be7 11. Be3 O-O 12. b4 b5 13. Qb3 a6 14. Rfc1 Rac8
15. Qb2 Qd7 16. Nd2 Rfd8 17. Nb3 Nd5 18. Rc2 Bd6 19. Nc5 Bxc5 20. dxc5 Nce7 21.
Rd2 Qc7 22. Bd4 f6 23. Bg4 f5 24. Bf3 Ng6 25. Re1 Re8 26. Rxe6 Ndf4 27. Rxe8+
Rxe8 28. Be3 Ne6 29. g3 f4 30. Bd4 Ng5 31. Bd5+ Kh8 32. Re2 Rf8 33. Be5 Qd7 34.
Bd6 f3 35. Re3 Qh3 36. Bxf3 Nxf3+ 37. Rxf3 Rxf3 38. Qe2 Qf5 39. c6 Nf8 40. c7
Rc3 41. Qe7 Rc1+ 42. Kg2 Qd5+ 43. Kh3 Qe6+ 0-1

[Event "EU YCH Team U12 boys"]
[Site "Thessaloniki"]
[Date "2022.07.12"]
[Round "1.4"]
[White "Gales, Randi-Ioan"]
[Black "Mocic, Ivano"]
[Result "1-0"]
[WhiteElo "1805"]
[BlackElo "1577"]
[PlyCount "88"]
[EventDate "2022.07.12"]
[EventType "swiss"]
[EventRounds "7"]
[EventCountry "GRE"]
[SourceTitle "Youth Database"]
[Source "CBase R.Goldau"]
[SourceDate "2000.03.01"]
[SourceVersion "1"]
[SourceVersionDate "2022.07.18"]
[SourceQuality "1"]
[WhiteTeam "Rumänien"]
[BlackTeam "Kroatien"]
[WhiteTeamCountry "ROU"]
[BlackTeamCountry "CRO"]

1. d4 d5 2. c4 c6 3. Nf3 Nf6 4. e3 e6 5. Nbd2 g6 6. b4 Bxb4 7. c5 Nbd7 8. Bd3
O-O 9. Bb2 b6 10. cxb6 axb6 11. O-O Bb7 12. e4 dxe4 13. Nxe4 Nxe4 14. Bxe4 Nf6
15. Bd3 Nd5 16. Qc1 Be7 17. Ne5 Rc8 18. Be4 f5 19. Bf3 Bf6 20. Re1 Re8 21. Qc4
Qd6 22. a4 Bxe5 23. Rxe5 Kf7 24. Ba3 Qd7 25. Rae1 Ra8 26. Qb3 b5 27. axb5 cxb5
28. Bc5 Bc6 29. h3 Nf6 30. Bxc6 Qxc6 31. Rb1 Nd5 32. Qxb5 Qxb5 33. Rxb5 Reb8
34. Rxb8 Rxb8 35. Re1 Rc8 36. Bd6 Rc6 37. Be5 Rb6 38. Ra1 Rb7 39. Ra8 Nf6 40.
Kh2 Ne8 41. Kg3 h6 42. h4 g5 43. f3 Ke7 44. h5 Kf7 1-0

[Event "EU YCH Team U12 boys"]
[Site "Thessaloniki"]
[Date "2022.07.12"]
[Round "1.1"]
[White "Shevchenko, Yaroslav"]
[Black "Ivanov, Andrey"]
[Result "1/2-1/2"]
[WhiteElo "1845"]
[BlackElo "1515"]
[PlyCount "108"]
[EventDate "2022.07.12"]
[EventType "swiss"]
[EventRounds "7"]
[EventCountry "GRE"]
[SourceTitle "Youth Database"]
[Source "CBase R.Goldau"]
[SourceDate "2000.03.01"]
[SourceVersion "1"]
[SourceVersionDate "2022.07.18"]
[SourceQuality "1"]
[WhiteTeam "Ukraine"]
[BlackTeam "Mazedonien"]
[WhiteTeamCountry "UKR"]
[BlackTeamCountry "MKD"]

1. d4 d5 2. c4 c6 3. Nf3 Nf6 4. Nc3 e6 5. g3 dxc4 6. Bg2 Bb4 7. Ne5 Nd5 8. Bd2
b5 9. a4 Bb7 10. Nxd5 Bxd2+ 11. Qxd2 cxd5 12. axb5 Nd7 13. Nxc4 Qc7 14. Na5 Qb6
15. Qb4 a6 16. O-O Rb8 17. Rfc1 axb5 18. Nxb7 Qxb7 19. Qd6 Rd8 20. e3 Nb6 21.
Qc5 Na4 22. Qb4 Rb8 23. Rxa4 bxa4 24. Qxb7 Rxb7 25. Rc8+ Kd7 26. Rxh8 Rxb2 27.
Ra8 Ra2 28. Ra7+ Kc6 29. Bf1 f6 30. Ra6+ Kb7 31. Kg2 Ra1 32. Bd3 Rd1 33. Bb5
Rb1 34. Be2 Re1 35. Bb5 Rb1 36. Ra5 Kb6 37. Rxa4 Rxb5 38. Ra8 Kc6 39. h4 e5 40.
Rg8 exd4 41. exd4 Rb7 42. h5 Rc7 43. h6 gxh6 44. Rf8 Kb5 45. Rxf6 Kc4 46. Rf4
Kd3 47. Rh4 Rf7 48. Kg1 Rf6 49. Kf1 Re6 50. Kg2 Re4 51. Rxh6 Kxd4 52. Rxh7 Kc3
53. f4 d4 54. Kf3 Re3+ 1/2-1/2

[Event "EU YCH Team U12 boys"]
[Site "Thessaloniki"]
[Date "2022.07.12"]
[Round "1.2"]
[White "Petrovski, Nikola"]
[Black "Bubelo, Mykola"]
[Result "0-1"]
[WhiteElo "1389"]
[BlackElo "1535"]
[PlyCount "94"]
[EventDate "2022.07.12"]
[EventType "swiss"]
[EventRounds "7"]
[EventCountry "GRE"]
[SourceTitle "Youth Database"]
[Source "CBase R.Goldau"]
[SourceDate "2000.03.01"]
[SourceVersion "1"]
[SourceVersionDate "2022.07.18"]
[SourceQuality "1"]
[WhiteTeam "Mazedonien"]
[BlackTeam "Ukraine"]
[WhiteTeamCountry "MKD"]
[BlackTeamCountry "UKR"]

1. e4 e6 2. d4 d5 3. e5 c5 4. c3 Nc6 5. Nf3 Qb6 6. a3 cxd4 7. cxd4 Nh6 8. Bd3
Bd7 9. Bc2 Rc8 10. O-O Na5 11. Nc3 Nc4 12. Rb1 Qc7 13. Ne1 Ng8 14. f4 g6 15. g4
h5 16. f5 gxf5 17. gxf5 Ne7 18. fxe6 fxe6 19. Qf3 Qb6 20. Ne2 Nxe5 21. Qf6 Rg8+
22. Bg5 Bb5 23. Qxe5 Bxe2 24. Rxf8+ Rxf8 25. Qxe2 Qxd4+ 26. Kh1 Qg4 27. Qb5+
Nc6 28. Bh6 a6 29. Qd3 Ne5 30. Qg3 Rxc2 31. Qxg4 Rxh2+ 32. Kg1 Nxg4 33. Bxf8
Kxf8 34. Ng2 Rh3 35. Nf4 Rg3+ 36. Kh1 Ke7 37. Re1 Re3 38. Rg1 Kd6 39. Kg2 h4
40. Rh1 Rg3+ 41. Kf1 Rf3+ 42. Ke2 Rxf4 43. Rxh4 Re4+ 44. Kd2 Ne5 45. Rh3 Nc4+
46. Kc2 Re2+ 47. Kc1 Rxb2 0-1

[Event "EU YCH Team U12 boys"]
[Site "Thessaloniki"]
[Date "2022.07.12"]
[Round "1.3"]
[White "Bezeyko, Olexander"]
[Black "Spasov, Igor Aleksandar"]
[Result "1-0"]
[WhiteElo "1763"]
[BlackElo "1337"]
[PlyCount "67"]
[EventDate "2022.07.12"]
[EventType "swiss"]
[EventRounds "7"]
[EventCountry "GRE"]
[SourceTitle "Youth Database"]
[Source "CBase R.Goldau"]
[SourceDate "2000.03.01"]
[SourceVersion "1"]
[SourceVersionDate "2022.07.18"]
[SourceQuality "1"]
[WhiteTeam "Ukraine"]
[BlackTeam "Mazedonien"]
[WhiteTeamCountry "UKR"]
[BlackTeamCountry "MKD"]

1. Nf3 Nf6 2. c4 c5 3. b3 g6 4. Bb2 Bg7 5. g3 O-O 6. Bg2 Nc6 7. O-O d6 8. d4
cxd4 9. Nxd4 Bd7 10. Nc3 a6 11. Nxc6 Bxc6 12. Bxc6 bxc6 13. Qd3 Qc7 14. Rac1
Rfb8 15. Na4 c5 16. Nc3 Qc6 17. Rc2 a5 18. Ba1 Rb7 19. e4 Nd7 20. Nd5 Nb6 21.
Bxg7 Kxg7 22. f4 Nxd5 23. exd5 Qb6 24. f5 a4 25. Qc3+ f6 26. Re2 axb3 27. axb3
g5 28. Rfe1 Raa7 29. h4 gxh4 30. gxh4 Kf7 31. Qe3 Qxb3 32. Qe6+ Ke8 33. Qg8+
Kd7 34. Rxe7# 1-0

[Event "EU YCH Team U12 boys"]
[Site "Thessaloniki"]
[Date "2022.07.13"]
[Round "2.1"]
[White "Taragan, Uri"]
[Black "Besou, Hussain"]
[Result "0-1"]
[WhiteElo "1843"]
[BlackElo "2078"]
[PlyCount "64"]
[EventDate "2022.07.12"]
[EventType "swiss"]
[EventRounds "7"]
[EventCountry "GRE"]
[SourceTitle "Youth Database"]
[Source "CBase R.Goldau"]
[SourceDate "2000.03.01"]
[SourceVersion "1"]
[SourceVersionDate "2022.07.18"]
[SourceQuality "1"]
[WhiteTeam "Israel"]
[BlackTeam "Deutschland"]
[WhiteTeamCountry "ISR"]
[BlackTeamCountry "GER"]

1. d4 Nf6 2. c4 e6 3. Nc3 d5 4. cxd5 exd5 5. Bg5 Be7 6. e3 O-O 7. Bd3 c6 8.
Nge2 Nbd7 9. O-O h6 10. Bh4 Ne4 11. Bxe7 Qxe7 12. Bxe4 dxe4 13. Ng3 Nf6 14. Qc2
Re8 15. Rfd1 Bg4 16. Rd2 Rad8 17. h3 Bc8 18. Rad1 Qe6 19. b4 h5 20. b5 h4 21.
Nge2 Nd5 22. bxc6 bxc6 23. Na4 Qg6 24. Kh1 Nb4 25. Qc3 Nd3 26. Nc1 Bxh3 27.
gxh3 Qf5 28. Rxd3 Qxh3+ 29. Kg1 Rd6 30. Ne2 Rg6+ 31. Ng3 hxg3 32. fxg3 Rxg3+
0-1

[Event "EU YCH Team U12 boys"]
[Site "Thessaloniki"]
[Date "2022.07.13"]
[Round "2.2"]
[White "Malinowsky, Levi"]
[Black "Shefer, Uri"]
[Result "1-0"]
[WhiteElo "1814"]
[BlackElo "1882"]
[PlyCount "103"]
[EventDate "2022.07.12"]
[EventType "swiss"]
[EventRounds "7"]
[EventCountry "GRE"]
[SourceTitle "Youth Database"]
[Source "CBase R.Goldau"]
[SourceDate "2000.03.01"]
[SourceVersion "1"]
[SourceVersionDate "2022.07.18"]
[SourceQuality "1"]
[WhiteTeam "Deutschland"]
[BlackTeam "Israel"]
[WhiteTeamCountry "GER"]
[BlackTeamCountry "ISR"]

1. e4 e5 2. Nf3 Nc6 3. Bb5 a6 4. Ba4 Nf6 5. O-O Nxe4 6. d4 b5 7. Bb3 d5 8. dxe5
Be6 9. c3 Be7 10. Nbd2 Nc5 11. Bc2 d4 12. cxd4 Nxd4 13. Nxd4 Qxd4 14. Qe2 O-O
15. Re1 Rfd8 16. Qh5 g6 17. Qh6 Bd5 18. Nf1 Bf8 19. Qh3 Na4 20. Bg5 Be6 21. Qg3
Re8 22. b3 Nc3 23. Rac1 Nxa2 24. Rcd1 Qg4 25. Qe3 Nc3 26. Rd4 Bc5 27. Rxg4 Bxe3
28. Nxe3 Bxg4 29. Nxg4 Re6 30. Nf6+ Kg7 31. f4 h6 32. Bh4 Rc6 33. Ng4 Re8 34.
Bf6+ Kh7 35. Re3 Nd5 36. Rh3 Nxf6 37. Nxf6+ Rxf6 38. exf6 Re6 39. Rc3 c6 40.
Kf2 Rxf6 41. g3 Kg7 42. Be4 Rd6 43. Rxc6 Rd2+ 44. Ke3 Rxh2 45. Rxa6 f5 46. Bd5
g5 47. Rb6 Rh3 48. Kf3 h5 49. fxg5 h4 50. Kf4 Rxg3 51. Kxf5 h3 52. Rb7+ 1-0

[Event "EU YCH Team U12 boys"]
[Site "Thessaloniki"]
[Date "2022.07.13"]
[Round "2.3"]
[White "Azoulay, Yehonatan"]
[Black "Buchinger, Alexis"]
[Result "1-0"]
[WhiteElo "1805"]
[BlackElo "1764"]
[PlyCount "137"]
[EventDate "2022.07.12"]
[EventType "swiss"]
[EventRounds "7"]
[EventCountry "GRE"]
[SourceTitle "Youth Database"]
[Source "CBase R.Goldau"]
[SourceDate "2000.03.01"]
[SourceVersion "1"]
[SourceVersionDate "2022.07.18"]
[SourceQuality "1"]
[WhiteTeam "Israel"]
[BlackTeam "Deutschland"]
[WhiteTeamCountry "ISR"]
[BlackTeamCountry "GER"]

1. e4 e5 2. Nf3 Nc6 3. Nc3 Nf6 4. d4 exd4 5. Nxd4 Bb4 6. Nxc6 bxc6 7. Bd3 d5 8.
Bd2 O-O 9. O-O Bxc3 10. Bxc3 Nxe4 11. Bxe4 dxe4 12. Qh5 Qd5 13. Qe2 Bf5 14.
Rad1 Qe6 15. Qe3 f6 16. Rfe1 Bg6 17. Qf4 Qf7 18. Rd4 Rfd8 19. Ra4 Qd7 20. Rd4
Qe7 21. Rc4 Qd6 22. Qe3 Rdb8 23. Qc5 Rb6 24. b3 Rd8 25. Qa5 Ra8 26. Bd4 Bf7 27.
Bc5 Qd7 28. Rd4 Qc8 29. Bxb6 cxb6 30. Qd2 f5 31. Rd1 Qe6 32. Rd8+ Rxd8 33.
Qxd8+ Be8 34. h3 Kf7 35. Qc7+ Qe7 36. Qf4 g6 37. g4 Qh4 38. Kg2 Qf6 39. Rd6 Qh4
40. Qg3 Qxg3+ 41. Kxg3 Ke7 42. Rd1 Bd7 43. Kf4 c5 44. gxf5 Bxf5 45. h4 h5 46.
Rd5 e3 47. fxe3 Bxc2 48. e4 Bb1 49. Rd2 b5 50. Ke3 c4 51. Kd4 Bd3 52. a4 a6 53.
axb5 axb5 54. b4 Ke6 55. Rg2 Kf6 56. Rg5 Be2 57. Rxb5 Kg7 58. Rc5 Kh6 59. b5 g5
60. Rxg5 Bg4 61. Kxc4 Kh7 62. b6 Bc8 63. Kc5 Bb7 64. e5 Bc8 65. Kc6 Ba6 66. b7
Bc4 67. b8=Q Bf7 68. Qf8 Bd5+ 69. Kc5 1-0

[Event "EU YCH Team U12 boys"]
[Site "Thessaloniki"]
[Date "2022.07.13"]
[Round "2.4"]
[White "Gloeckler, Christian"]
[Black "Shilon Rahav, Eliran"]
[Result "0-1"]
[WhiteElo "1827"]
[BlackElo "1922"]
[PlyCount "125"]
[EventDate "2022.07.12"]
[EventType "swiss"]
[EventRounds "7"]
[EventCountry "GRE"]
[SourceTitle "Youth Database"]
[Source "CBase R.Goldau"]
[SourceDate "2000.03.01"]
[SourceVersion "1"]
[SourceVersionDate "2022.07.18"]
[SourceQuality "1"]
[WhiteTeam "Deutschland"]
[BlackTeam "Israel"]
[WhiteTeamCountry "GER"]
[BlackTeamCountry "ISR"]

1. e4 c5 2. Nf3 a6 3. c4 e6 4. Nc3 Qc7 5. d4 cxd4 6. Nxd4 Nf6 7. a3 b6 8. Be2
d6 9. O-O Bb7 10. f3 Be7 11. Be3 Nbd7 12. Rc1 O-O 13. Qd2 Rac8 14. b4 Rfd8 15.
Rfd1 Qb8 16. Bf1 Ba8 17. Qf2 Ne5 18. Na4 d5 19. exd5 b5 20. cxb5 Rxc1 21. Rxc1
axb5 22. Nc3 Bxd5 23. Ncxb5 h5 24. Bf4 g5 25. Qg3 Nfg4 26. Bxe5 Nxe5 27. Nc7
Bf6 28. Nxd5 Rxd5 29. Nb3 Qa7+ 30. Nc5 Qxa3 31. Qe1 g4 32. Ne4 Be7 33. Rc8+ Kg7
34. b5 Qb3 35. Qc3 Qb1 36. Nf2 Bf6 37. Qe3 Rxb5 38. Ne4 Rb7 39. Rh8 Qb6 40.
Qxb6 Rxb6 41. Rxh5 gxf3 42. g3 Rb2 43. h3 Nc6 44. Nxf6 Kxf6 45. Rh4 Ke5 46. Rf4
Nd4 47. Rxf7 Ke4 48. h4 Ke3 49. g4 Ne2+ 50. Kh2 Rb1 51. Bh3 Nf4 52. h5 Nxh3 53.
Kxh3 f2 54. g5 f1=Q+ 55. Rxf1 Rxf1 56. h6 Rh1+ 57. Kg3 Ke4 58. Kg4 Ke5 59. h7
Rxh7 60. g6 Rg7 61. Kg5 Kd4 62. Kf6 Rxg6+ 63. Kxg6 0-1

[Event "EU YCH Team U12 boys"]
[Site "Thessaloniki"]
[Date "2022.07.13"]
[Round "2.2"]
[White "Cieslak, Patryk"]
[Black "Pert, Max"]
[Result "1-0"]
[WhiteElo "2029"]
[BlackElo "1693"]
[PlyCount "81"]
[EventDate "2022.07.12"]
[EventType "swiss"]
[EventRounds "7"]
[EventCountry "GRE"]
[SourceTitle "Youth Database"]
[Source "CBase R.Goldau"]
[SourceDate "2000.03.01"]
[SourceVersion "1"]
[SourceVersionDate "2022.07.18"]
[SourceQuality "1"]
[WhiteTeam "Polen"]
[BlackTeam "England"]
[WhiteTeamCountry "POL"]
[BlackTeamCountry "ENG"]

1. e4 c6 2. d4 d5 3. Nc3 dxe4 4. Nxe4 Nf6 5. Nxf6+ exf6 6. c3 Bd6 7. Bd3 O-O 8.
Qc2 Re8+ 9. Ne2 f5 10. Bxf5 Bxf5 11. Qxf5 Nd7 12. Be3 Nb6 13. O-O Nc4 14. Rae1
Qc7 15. Ng3 Nxb2 16. Nh5 Re6 17. Bc1 Rae8 18. Qg5 Bf8 19. Rxe6 Rxe6 20. Bxb2
Rg6 21. Qd2 Qa5 22. Ng3 h5 23. Ne2 Bd6 24. Kh1 h4 25. h3 Qxa2 26. Ng1 a5 27.
Nf3 a4 28. Bc1 Qc4 29. Re1 Re6 30. Ne5 Qa6 31. c4 Bxe5 32. dxe5 Qxc4 33. Qd8+
Kh7 34. f4 Qc3 35. Qxh4+ Rh6 36. Qf2 a3 37. Qe3 Qa5 38. Bxa3 Qd5 39. Qe4+ Qxe4
40. Rxe4 b6 41. f5 1-0

[Event "EU YCH Team U12 boys"]
[Site "Thessaloniki"]
[Date "2022.07.13"]
[Round "2.3"]
[White "Patel, Zain"]
[Black "Witczak, Borys"]
[Result "0-1"]
[WhiteElo "1632"]
[BlackElo "1766"]
[PlyCount "114"]
[EventDate "2022.07.12"]
[EventType "swiss"]
[EventRounds "7"]
[EventCountry "GRE"]
[SourceTitle "Youth Database"]
[Source "CBase R.Goldau"]
[SourceDate "2000.03.01"]
[SourceVersion "1"]
[SourceVersionDate "2022.07.18"]
[SourceQuality "1"]
[WhiteTeam "England"]
[BlackTeam "Polen"]
[WhiteTeamCountry "ENG"]
[BlackTeamCountry "POL"]

1. d4 Nf6 2. Nf3 e6 3. c4 Bb4+ 4. Bd2 Qe7 5. Nc3 b6 6. g3 Bb7 7. Bg2 O-O 8. O-O
Bxc3 9. Bxc3 Ne4 10. Be1 c5 11. Nd2 Nd6 12. e4 Nc6 13. e5 Nf5 14. d5 exd5 15.
cxd5 Nxe5 16. Ne4 Nd6 17. Bc3 f5 18. Nxd6 Qxd6 19. Qb3 Ng6 20. f4 Rae8 21. Rfe1
Kh8 22. Qc2 Qb8 23. Rxe8 Qxe8 24. Re1 Qf7 25. h4 d6 26. Re6 Ne7 27. Rxd6 Nxd5
28. Qb3 Nf6 29. Bxf6 gxf6 30. Qxf7 Rxf7 31. Bxb7 Rxb7 32. Rxf6 Rd7 33. Re6 Rd2
34. Re8+ Kg7 35. Re7+ Kg6 36. Rxa7 Rxb2 37. Rc7 h6 38. a4 Kh5 39. a5 bxa5 40.
Rxc5 a4 41. Rxf5+ Kg4 42. Ra5 Kxg3 43. Kf1 Rf2+ 44. Ke1 Rxf4 45. h5 Kg4 46. Ke2
Rb4 47. Kf2 Rb2+ 48. Ke1 Ra2 49. Kf1 a3 50. Ke1 Kh3 51. Ra4 Ra1+ 52. Kf2 a2 53.
Ra3+ Kg4 54. Kg2 Kxh5 55. Rh3+ Kg5 56. Rg3+ Kf4 57. Rh3 Rb1 0-1

[Event "EU YCH Team U12 boys"]
[Site "Thessaloniki"]
[Date "2022.07.13"]
[Round "2.4"]
[White "Suska, Szymon"]
[Black "Soulier, Alfred"]
[Result "1-0"]
[WhiteElo "1674"]
[BlackElo "1425"]
[PlyCount "143"]
[EventDate "2022.07.12"]
[EventType "swiss"]
[EventRounds "7"]
[EventCountry "GRE"]
[SourceTitle "Youth Database"]
[Source "CBase R.Goldau"]
[SourceDate "2000.03.01"]
[SourceVersion "1"]
[SourceVersionDate "2022.07.18"]
[SourceQuality "1"]
[WhiteTeam "Polen"]
[BlackTeam "England"]
[WhiteTeamCountry "POL"]
[BlackTeamCountry "ENG"]

1. Nf3 Nf6 2. b3 g6 3. Bb2 Bg7 4. g3 O-O 5. Bg2 d6 6. d4 c5 7. O-O Qc7 8. c4
Rd8 9. Nc3 a6 10. Qc2 cxd4 11. Nxd4 e6 12. Rac1 Nc6 13. Nd5 exd5 14. cxd5 Nxd5
15. Bxd5 Bxd4 16. Bxd4 Bh3 17. Rfe1 Rac8 18. Bf6 Re8 19. Qd2 Re6 20. Bxe6 fxe6
21. Qh6 Qf7 22. Qxh3 Qxf6 23. Rcd1 Rf8 24. Qg2 d5 25. Qf3 Qe7 26. Qe3 Qf6 27.
f4 h5 28. Rf1 Qe7 29. Qd3 Kg7 30. e4 d4 31. f5 gxf5 32. exf5 e5 33. Qe4 Qg5 34.
Rd3 Qf6 35. g4 hxg4 36. Rg3 Kf7 37. Rxg4 Ne7 38. Rg6 Qh8 39. Re6 Rg8+ 40. Kh1
Nc6 41. Qd5 Ne7 42. Qxe5 Qxe5 43. Rxe5 Rd8 44. f6 Nc6 45. Rg5 Rg8 46. Rxg8 Kxg8
47. f7+ Kf8 48. Kg2 Ne5 49. Rf5 Ng4 50. Kf3 Nh6 51. Rf6 Nxf7 52. Ke4 Ke7 53.
Rxf7+ Kxf7 54. Kxd4 Kg6 55. Kc5 Kg5 56. Kb6 Kh4 57. Kxb7 Kh3 58. Kxa6 Kxh2 59.
b4 Kg3 60. b5 Kf4 61. b6 Ke5 62. b7 Kd6 63. b8=Q+ Kd5 64. Kb5 Kd4 65. Qd6+ Ke4
66. Kc4 Ke3 67. Qe5+ Kf3 68. Kd3 Kg4 69. Ke3 Kh3 70. Kf3 Kh4 71. Qd5 Kh3 72.
Qh5# 1-0

[Event "EU YCH Team U12 boys"]
[Site "Thessaloniki"]
[Date "2022.07.13"]
[Round "2.1"]
[White "Negrean, Andrei"]
[Black "Marinidis, Stavros"]
[Result "1-0"]
[WhiteElo "1976"]
[BlackElo "1375"]
[PlyCount "73"]
[EventDate "2022.07.12"]
[EventType "swiss"]
[EventRounds "7"]
[EventCountry "GRE"]
[SourceTitle "Youth Database"]
[Source "CBase R.Goldau"]
[SourceDate "2000.03.01"]
[SourceVersion "1"]
[SourceVersionDate "2022.07.18"]
[SourceQuality "1"]
[WhiteTeam "Rumänien"]
[BlackTeam "Griechenland"]
[WhiteTeamCountry "ROU"]
[BlackTeamCountry "GRE"]

1. d4 d5 2. c4 e6 3. Nf3 Nf6 4. g3 c6 5. Bg2 Nbd7 6. Nbd2 Be7 7. O-O O-O 8. Qc2
Qc7 9. e4 b6 10. cxd5 exd5 11. e5 Ne8 12. Nb3 Ba6 13. Re1 g6 14. Bf4 Qb7 15. e6
Ndf6 16. exf7+ Rxf7 17. Ne5 Bb4 18. Nxf7 Qxf7 19. Re3 Ng4 20. Rf3 Qd7 21. h3
Ngf6 22. a3 Bf8 23. Rc3 Rc8 24. Be5 Bg7 25. a4 Nd6 26. Bxf6 Bxf6 27. Rxc6 Bc4
28. Rxc8+ Qxc8 29. Rc1 Qd8 30. Nd2 Nf5 31. Nxc4 Nxd4 32. Qd3 dxc4 33. Qxc4+ Kh8
34. Kh2 Qd6 35. Qf7 Qd8 36. Rc7 Qxc7 37. Qf8# 1-0

[Event "EU YCH Team U12 boys"]
[Site "Thessaloniki"]
[Date "2022.07.13"]
[Round "2.2"]
[White "Sardis, Ioannis"]
[Black "Anghelescu, Teodor-Stefan"]
[Result "0-1"]
[WhiteElo "1106"]
[BlackElo "1813"]
[PlyCount "108"]
[EventDate "2022.07.12"]
[EventType "swiss"]
[EventRounds "7"]
[EventCountry "GRE"]
[SourceTitle "Youth Database"]
[Source "CBase R.Goldau"]
[SourceDate "2000.03.01"]
[SourceVersion "1"]
[SourceVersionDate "2022.07.18"]
[SourceQuality "1"]
[WhiteTeam "Griechenland"]
[BlackTeam "Rumänien"]
[WhiteTeamCountry "GRE"]
[BlackTeamCountry "ROU"]

1. e4 c5 2. Nf3 d6 3. Bb5+ Bd7 4. Bxd7+ Qxd7 5. c4 Nc6 6. d4 cxd4 7. Nxd4 g6 8.
Be3 Bg7 9. Nc3 Nf6 10. O-O Ng4 11. h3 Nxe3 12. fxe3 O-O 13. Nd5 Rfc8 14. Rc1
Ne5 15. b3 e6 16. Nf6+ Bxf6 17. Rxf6 Kg7 18. Qf1 a6 19. Rf2 b5 20. Nf3 Nxf3+
21. Rxf3 Rc7 22. Rc2 Rac8 23. Rcf2 bxc4 24. bxc4 Qe8 25. Qa1+ Kg8 26. Qd4 Qc6
27. Rc2 Qc5 28. Qd3 Qe5 29. Rc3 a5 30. a4 d5 31. exd5 exd5 32. Qd4 Qxd4 33.
exd4 Rxc4 34. Rb3 Rxa4 35. Rb7 Rf8 36. Rb5 Rxd4 37. Rxa5 Rd2 38. Kf1 Rb8 39.
Kg1 Rbb2 40. Ra8+ Kg7 41. Ra7 Rxg2+ 42. Kf1 Rh2 43. Rfxf7+ Kh6 44. Rxh7+ Kg5
45. h4+ Rxh4 46. Rxh4 Kxh4 47. Ra4+ Kg5 48. Ra5 Rd2 49. Ke1 Rd4 50. Ra2 Kf5 51.
Rf2+ Rf4 52. Rd2 Ke5 53. Re2+ Re4 54. Rxe4+ Kxe4 0-1

[Event "EU YCH Team U12 boys"]
[Site "Thessaloniki"]
[Date "2022.07.13"]
[Round "2.3"]
[White "Gales, Randi-Ioan"]
[Black "Dimoudis, Dimitrios"]
[Result "1-0"]
[WhiteElo "1805"]
[BlackElo "1058"]
[PlyCount "111"]
[EventDate "2022.07.12"]
[EventType "swiss"]
[EventRounds "7"]
[EventCountry "GRE"]
[SourceTitle "Youth Database"]
[Source "CBase R.Goldau"]
[SourceDate "2000.03.01"]
[SourceVersion "1"]
[SourceVersionDate "2022.07.18"]
[SourceQuality "1"]
[WhiteTeam "Rumänien"]
[BlackTeam "Griechenland"]
[WhiteTeamCountry "ROU"]
[BlackTeamCountry "GRE"]

1. d4 Nf6 2. c4 g6 3. Nc3 Bg7 4. e4 d6 5. Bd3 O-O 6. Nge2 c5 7. d5 Nbd7 8. O-O
Ne5 9. Ng3 Ne8 10. h3 Nxd3 11. Qxd3 f5 12. exf5 Bxf5 13. Nxf5 Rxf5 14. Ne4 Rf7
15. Ng5 Rf6 16. Ne6 Qd7 17. Bg5 Rf7 18. Rab1 Nc7 19. Rfe1 Re8 20. Re2 Be5 21.
f4 Nxe6 22. dxe6 Qxe6 23. fxe5 dxe5 24. Rbe1 Qd6 25. Qd5 Qxd5 26. cxd5 Rf5 27.
Rxe5 Rxe5 28. Rxe5 Kf7 29. Re6 b6 30. Kf2 Kf8 31. Ke3 Kf7 32. Kd3 b5 33. a4
bxa4 34. Kc4 a5 35. Kxc5 Rc8+ 36. Kb5 a3 37. Rxe7+ Kg8 38. bxa3 Rb8+ 39. Kxa5
Ra8+ 40. Kb4 Rb8+ 41. Kc5 Rc8+ 42. Kd6 Rd8+ 43. Ke6 Rf8 44. d6 Rc8 45. d7 Rd8
46. Rg7+ Kxg7 47. Bxd8 Kh6 48. Bg5+ Kxg5 49. d8=Q+ Kf4 50. Qh4+ Ke3 51. Kd5 Kd2
52. Kd4 Ke2 53. Qf4 Kd1 54. Qf2 Kc1 55. Kc3 Kd1 56. Qf1# 1-0

[Event "EU YCH Team U12 boys"]
[Site "Thessaloniki"]
[Date "2022.07.13"]
[Round "2.1"]
[White "Weber, Yonatan"]
[Black "Stoyko, Oleh"]
[Result "0-1"]
[WhiteElo "1682"]
[BlackElo "1557"]
[PlyCount "92"]
[EventDate "2022.07.12"]
[EventType "swiss"]
[EventRounds "7"]
[EventCountry "GRE"]
[SourceTitle "Youth Database"]
[Source "CBase R.Goldau"]
[SourceDate "2000.03.01"]
[SourceVersion "1"]
[SourceVersionDate "2022.07.18"]
[SourceQuality "1"]
[WhiteTeam "Israel"]
[BlackTeam "Ukraine"]
[WhiteTeamCountry "ISR"]
[BlackTeamCountry "UKR"]

1. c4 Nf6 2. g3 e6 3. Bg2 d5 4. Nf3 dxc4 5. Qa4+ Nbd7 6. Qxc4 a6 7. Qc2 c5 8.
O-O b5 9. d3 Bb7 10. Nc3 Be7 11. b3 O-O 12. Bb2 Qb6 13. Rfd1 Rac8 14. e3 Rfd8
15. Qe2 Bc6 16. Rac1 Qb7 17. Rc2 a5 18. h3 a4 19. Ne1 Bxg2 20. Nxg2 axb3 21.
axb3 b4 22. Na4 Nd5 23. Rdc1 N5b6 24. Qg4 e5 25. Nxb6 Qxb6 26. e4 Qd6 27. Qe2
Qe6 28. Ne3 Bg5 29. Ra1 Bxe3 30. fxe3 Qxh3 31. Qf3 Qe6 32. Rc4 Nb6 33. Ra6 Rc6
34. d4 cxd4 35. exd4 Rxc4 36. bxc4 Qxc4 37. Rxb6 exd4 38. Qd1 d3 39. Rb7 Qxe4
40. Rc7 Qe3+ 41. Kg2 d2 42. Qg4 g5 43. Qd1 Qd3 44. Bf6 Re8 45. Rc5 Re2+ 46. Kh1
Qf3+ 0-1

[Event "EU YCH Team U12 boys"]
[Site "Thessaloniki"]
[Date "2022.07.13"]
[Round "2.3"]
[White "Belkovsky, Guy"]
[Black "Molchanov, Roman"]
[Result "0-1"]
[WhiteElo "1358"]
[BlackElo "1290"]
[PlyCount "66"]
[EventDate "2022.07.12"]
[EventType "swiss"]
[EventRounds "7"]
[EventCountry "GRE"]
[SourceTitle "Youth Database"]
[Source "CBase R.Goldau"]
[SourceDate "2000.03.01"]
[SourceVersion "1"]
[SourceVersionDate "2022.07.18"]
[SourceQuality "1"]
[WhiteTeam "Israel"]
[BlackTeam "Ukraine"]
[WhiteTeamCountry "ISR"]
[BlackTeamCountry "UKR"]

1. e4 e5 2. Nf3 Nc6 3. Bb5 a6 4. Bxc6 dxc6 5. O-O Bg4 6. h3 h5 7. d3 Qf6 8.
Nbd2 Bc5 9. Nc4 Bxf3 10. Qxf3 Qxf3 11. gxf3 Bd6 12. f4 exf4 13. Nxd6+ cxd6 14.
Bxf4 O-O-O 15. Kh2 Ne7 16. Be3 d5 17. f4 d4 18. Bd2 c5 19. b4 cxb4 20. Bxb4
Rhe8 21. Rab1 Rd7 22. Rb2 Nc6 23. Rfb1 f5 24. e5 g5 25. Bd6 gxf4 26. Rb6 Rf7
27. Re1 Rg7 28. Rc1 Nxe5 29. c3 Nxd3 30. Rc2 Ne1 31. Rc1 Nf3+ 32. Kh1 d3 33.
Bxf4 d2 0-1